Normal view MARC view

Entry Topical Term

Number of records used in: 1

001 - CONTROL NUMBER

  • control field: 247988

003 - CONTROL NUMBER IDENTIFIER

  • control field: OSt

005 - DATE AND TIME OF LATEST TRANSACTION

  • control field: 20251205160715.0

008 - FIXED-LENGTH DATA ELEMENTS

  • fixed length control field: 251205|| aca||aabn | a|a d

040 ## - CATALOGING SOURCE

  • Original cataloging agency: OSt
  • Transcribing agency: OSt

150 ## - HEADING--TOPICAL TERM

  • Topical term or geographic name entry element: Kannada Poetry

670 ## - SOURCE DATA FOUND

  • Source citation: Work cat.: (OSt)212330: KRASHNASVAMI SHASTRI (C I) ಕೃಷ್ಣಸ್ವಾಮಿ ಶಾಸ್ತ್ರಿ (ಸಿ ಐ) 247987, Kampina sampige., 1994